[Event "BCF-chT4S 1920 (4NCL)"]
[Site "England"]
[Date "2019.11.10"]
[Round "2.144"]
[White "Willmoth, Kate"]
[Black "Balakrishnan, Kathirvel"]
[Result "0-1"]
[WhiteElo "1315"]
[BlackElo "1578"]
[PlyCount "34"]
[EventDate "2019.11.09"]
[EventType "team-swiss"]
[EventRounds "11"]
[EventCountry "ENG"]
[SourceTitle "EXT 2022"]
[Source "ChessBase"]
[SourceDate "2021.10.06"]
[SourceVersion "1"]
[SourceVersionDate "2021.10.06"]
[SourceQuality "1"]
[WhiteTeam "Barnet Knights IV"]
[BlackTeam "Iceni III"]
[WhiteTeamCountry "ENG"]
[BlackTeamCountry "ENG"]

1. e4 Nc6 2. d4 d5 3. exd5 Qxd5 4. Nf3 Bf5 5. Nc3 Qa5 6. Bd2 0-0-0 7. Be3 e5 8. Bd2 Nxd4 9. Nxd4 exd4 10. Ne2 Qe5 11. g3 Be4 12. Rg1 Nf6 13. f4 Qd5 14. Qc1 Bc5 15. c4 dxc3 16. Nxc3 Qc6 17. Bb5 Qe6 0-1

[Event "BCF-chT4S 1819 (4NCL)"]
[Site "England"]
[Date "2019.02.09"]
[Round "5.134"]
[White "Wolstenholme, Otis"]
[Black "Balakrishnan, Kathirvel"]
[Result "1/2-1/2"]
[WhiteElo "1697"]
[BlackElo "1578"]
[PlyCount "33"]
[EventDate "2018.11.17"]
[EventType "team-swiss"]
[EventRounds "11"]
[EventCountry "ENG"]
[SourceTitle "EXT 2021"]
[Source "ChessBase"]
[SourceDate "2020.10.23"]
[SourceVersion "1"]
[SourceVersionDate "2020.10.23"]
[SourceQuality "1"]
[WhiteTeam "Barnet Knights II"]
[BlackTeam "Iceni III"]
[WhiteTeamCountry "ENG"]
[BlackTeamCountry "ENG"]

1. c4 Nf6 2. g3 g6 3. Bg2 Bg7 4. Nc3 c5 5. a3 Nc6 6. Rb1 b6 7. Nf3 Bb7 8. 0-0 0-0 9. d3 d5 10. cxd5 Nxd5 11. Bd2 Nd4 12. Nxd4 Nxc3 13. bxc3 Bxg2 14. Kxg2 cxd4 15. Qb3 Rc8 16. cxd4 Qxd4 17. e3 1/2-1/2

[Event "BCF-chT4S 1819 (4NCL)"]
[Site "England"]
[Date "2019.01.13"]
[Round "4.94"]
[White "Dharmasena, Kian"]
[Black "Balakrishnan, Kathirvel"]
[Result "1-0"]
[WhiteElo "1757"]
[BlackElo "1600"]
[PlyCount "83"]
[EventDate "2018.11.17"]
[EventType "team-swiss"]
[EventRounds "11"]
[EventCountry "ENG"]
[SourceTitle "EXT 2021"]
[Source "ChessBase"]
[SourceDate "2020.10.23"]
[SourceVersion "1"]
[SourceVersionDate "2020.10.23"]
[SourceQuality "1"]
[WhiteTeam "Poisoned Pawns Next Generation"]
[BlackTeam "Iceni III"]
[WhiteTeamCountry "ENG"]
[BlackTeamCountry "ENG"]

1. e4 e6 2. d4 d5 3. exd5 exd5 4. Bd3 Nf6 5. Ne2 Bd6 6. 0-0 c6 7. Bf4 0-0 8. Bxd6 Qxd6 9. c3 Re8 10. Ng3 g6 11. f4 Ne4 12. Bxe4 dxe4 13. f5 Nd7 14. Nd2 Nf6 15. Nc4 Qe7 16. Ne5 Nd5 17. fxg6 hxg6 18. Qe2 Be6 19. Nxe4 Kg7 20. c4 Nb6 21. b3 Nd7 22. Nxd7 Bxd7 23. Qf2 Bf5 24. Ng3 Bd3 25. Rfe1 Qf6 26. Qxf6+ Kxf6 27. Rad1 Bc2 28. Rf1+ Kg7 29. Rd2 Be4 30. Re1 f5 31. Nxe4 Rxe4 32. Rxe4 fxe4 33. Kf2 Re8 34. Ke3 Re7 35. Rf2 g5 36. Rf5 Kg6 37. Re5 Rxe5 38. dxe5 Kf5 39. e6 Kxe6 40. Kxe4 Kf6 41. h3 Ke6 42. g3 1-0

[Event "London Golders Green op U1900 5th"]
[Site "London"]
[Date "2015.01.17"]
[Round "2"]
[White "Balakrishnan, Kathirvel"]
[Black "Woltery, Nicolai"]
[Result "1/2-1/2"]
[WhiteElo "1600"]
[BlackElo "1726"]
[PlyCount "58"]
[EventDate "2015.01.17"]
[EventType "swiss"]
[EventRounds "5"]
[EventCountry "ENG"]
[SourceTitle "EXT 2018"]
[Source "ChessBase"]
[SourceDate "2017.10.13"]
[SourceVersion "1"]
[SourceVersionDate "2017.10.13"]
[SourceQuality "1"]

1. d4 d5 2. c4 c6 3. Nc3 Nf6 4. Nf3 dxc4 5. e3 Bg4 6. Bxc4 e6 7. Be2 Be7 8. 0-0 0-0 9. Qb3 Qc7 10. Ne5 Bxe2 11. Nxe2 Nbd7 12. f4 Nxe5 13. fxe5 Nd7 14. Qd3 Rad8 15. Qe4 c5 16. b3 Qc6 17. Qxc6 bxc6 18. Ba3 Rc8 19. Rac1 Rfe8 20. Ng3 cxd4 21. Bxe7 Rxe7 22. exd4 f6 23. exf6 Nxf6 24. Rfe1 Kf7 25. Ne4 Nxe4 26. Rxe4 Ke8 27. Kf2 Kd7 28. Re5 Rf7+ 29. Ke3 Rf5 1/2-1/2